Countries where gay marriage is legal - Statistics

General Stats
  • This quiz has been taken 49 times
  • The average score is 11 of 30
Answer Stats
Answer % Correct
Argentina
82%
Canada
73%
Australia
56%
Austria
56%
Denmark
42%
Sweden
42%
Brazil
40%
Colombia
40%
Norway
40%
Portugal
40%
Spain
40%
Uk
40%
Usa
40%
Belgium
38%
Finland
38%
Iceland
38%
France
36%
Switzerland
36%
The neatherlands
36%
Uruguay
33%
Costa Rica
31%
Luxemburg
31%
Mexico
31%
Ecuador
27%
Malta
27%
South Africa
24%
Taiwan
24%
Germamy
2%
Irleland
0%
New zeland
0%
No matching quizzes found
Score Distribution
Percent of People with Each Score
Percentile by Number Answered
Your Score History
You have not taken this quiz